El islamismo en tiempos de al-Qaida

Պահպանված է:
Մատենագիտական մանրամասներ
Հիմնական հեղինակ: Burgat, François (Հեղինակ)
Ձևաչափ: Գիրք
Լեզու:իսպաներեն
Հրապարակվել է: Barcelona, España Bellaterra 2006
Շարք:Biblioteca del Islam Contemporáneo, 31
Խորագրեր:
Ցուցիչներ: Ավելացրեք ցուցիչ
Չկան պիտակներ, Եղեք առաջինը, ով նշում է այս գրառումը!

MARC

LEADER 00000nam a2200000 a 4500
001 UCI0243
003 CL-VaPUC
005 20230518092737.0
008 070427e20060000SP |||||||||||||||||spa|d
999 |c 325480  |d 325478 
020 |a 8472903273 
040 |c Pontificia Universidad Católica de Valparaíso 
082 0 4 |a 303.625 BUR 2006  |2 21 
100 0 |a Burgat, François  |e author  |9 520376 
245 1 3 |a El islamismo en tiempos de al-Qaida 
260 |a Barcelona, España  |b Bellaterra  |c 2006 
300 |a 182 páginas 
490 0 |a Biblioteca del Islam Contemporáneo,  |v  31 
583 |a last modification  |c 20130304 04:31:49  |k Rodrigo Vera 
650 7 |a TERRORISMO INTERNACIONAL  |2 CL-VaPUC  |9 336647 
650 0 |a Relaciones Internacionales  |9 255740 
650 7 |a HISTORIA POLITICA  |2 CL-VaPUC  |9 486672  |y SIGLO 21 
650 0 |a Países islámicos  |9 318488 
650 0 |a Historia contemporánea  |9 343224 
942 |c BK  |2 ddc 
945 |d 20070427 00:00:00  |a jtorresc 
952 |0 0  |1 0  |2 ddc  |4 0  |6 303_625000000000000_BUR_2006  |7 0  |8 A  |9 406440  |a BIBHIS  |b BIBHIS  |d 2019-11-22  |i 4331125  |o 303.625 BUR 2006  |p 4331125  |r 2025-01-20  |t 1  |w 2019-11-22  |y BK  |k HIS